As pinturas do projeto serra geral : sudoeste da bahia /
Guardado en:
| Autor Principal: | |
|---|---|
| Otros Autores: | , |
| Formato: | Libro |
| Publicado: |
Sao Leopoldo :
Instituo Anchietano De Pesquisas,
1997
|
| Materias: | |
| Etiquetas: |
Agregar Etiqueta
Sin Etiquetas, Sea el primero en etiquetar este registro!
|
| LEADER | 00679nam a22001935a 4500 | ||
|---|---|---|---|
| 001 | EHU.bham021613 | ||
| 003 | AR-BHAM | ||
| 005 | 20101102151240.0 | ||
| 008 | 130507s1997##################000#0#####d | ||
| 082 | 5 | 7 | |a 571 |
| 100 | 1 | |a Schmitz, Pedro Ignacio | |
| 245 | 1 | 0 | |a As pinturas do projeto serra geral : |b sudoeste da bahia / |c Pedro Ignacio Schmitz , Mariza Oliveira Barbosa , Maira Barberi Ribeiro |
| 260 | |a Sao Leopoldo : |b Instituo Anchietano De Pesquisas, |c 1997 | ||
| 300 | |a 116 p. | ||
| 653 | |a Arte rupestre | ||
| 653 | |a Arqueologia-brasil | ||
| 700 | 1 | |a Oliveira Barbosa, Mariza | |
| 700 | 1 | |a Barberi Ribeiro, Maira | |
| 859 | |a AR-BHAM |b BIB. HUMANIDADES - General |h 571 |i SCH56 |p 635.97 |t Ej.1 | ||
